Religion Quiz

Random Religion or Art Quiz

Gods in Art Quiz Stats

Quiz Updated Feb 17, 2016

Challenge
Share
Tweet
Score 0/24 Timer 06:00
2 Plays Today
% Correct
Mercury
88.2%
Venus
84.8%
Thor
81.9%
Neptune
81.1%
Cupid
74.3%
Zeus
73%
Odin
70%
Anubis
70%
Athena
69.9%
Ares
68.2%
Bacchus
64.5%
Ganesha
55.1%
% Correct
Apollo
54.4%
Isis
54.1%
Artemis & Demeter
51.9%
Osiris
49.3%
Vishnu
46.6%
Shiva
42.7%
Saturn
39.7%
Thoth
27.6%
Quetzalcoatl
22.7%
Freya
15.9%
Loki
14.5%
Tyr
10.2%

You're not logged in!

Compare scores with friends on all Sporcle quizzes.
Sign Up with Email
OR
Log In

You Might Also Like...

Show Comments

Extras

Top Quizzes Today


Score Distribution

Your Account Isn't Verified!

In order to create a playlist on Sporcle, you need to verify the email address you used during registration. Go to your Sporcle Settings to finish the process.